1882 1925 1624 1644 1940 1589 1364 1862 1142 1460 1745 1414 1781 1844 2000 1047 1221 1991 1998 1407 1656 1617 1947 1707 1943 1063 1822 1803 1201 1971 1820 1082 1991 1887 1706 1925 1291 1382 1019 1327 1256 1649 1868 1680 1096 1270 1668 1959 1426 1646 1140 1494 1112 1669 1966 1093 1386 1299 1193 1323 1629 1206 1947 1955 1010 1505 1172 1581 1877 1416 1245 1063 1251 1886 1341 1734 1802 1267 1105 1122 1824 1266 1627 1279 1097 1345 1204 1975 1772 1900 1068 1083 1573 1619 1573 1794 1368 1391 1908 BCNSPRNW ULIB Ver.6.0+V

เปลี่ยนเป็นภาษาไทย

Change to English
 แสดงรายละเอียดบรรณานุกรม
  กลับหน้าหลัก

Brief Record : Get Marc (ISO 2709) : E-mail record : QR code < ปิดหน้าต่าง
LEADER : 00000nam 2200000uu 4500
001    13399120769
003     ULIB
008    121016s2546||||th 000 0 tha d
099    วจ.LB1028.5^bจ531ค
100 0  จิราจันทร์ คณฑา และรพีพรรณ วิบูลย์วัฒนกิจ
245 00 ความพึงพอใจต่อการจัดการเรียนการสอนโดยใช้ปัญหาเป็นหลักของนักศึกษาพยาบาลวิทยาลัยพยาบาลบรมราชชนนี สวรรค์ประชารักษ์^cจิราจันทร์ คณฑา และรพีพรรณ วิบูลย์วัฒนกิจ
260    นครสวรรค์:^bวิทยาลัยพยาบาลบรมราชชนนี สวรรค์ประชารักษ์,^c2546
300    60 หน้า
650  7 การจัดการเรียนการสอน^xวิจัย
650  7 การสอนโดยใช้ปัญหา^xวิจัย
700 0  รพีพรรณ วิบูลย์วัฒนกิจ
945    ^p0^l0^i032837
945    ^p0^l0^i001487
995    เกษร
999    ^aใช้งานได้ทุกระบบ
รายการนี้ยังไม่มีแท็ก
คุณยังไม่ได้ล็อกอิน คุณสามารถมีกิจกรรมร่วมกับเว็บไซต์ได้ แต่ต้องล็อกอินก่อน ::
  ล็อกอิน

รายการสื่อสารสนเทศ

ลำดับที่ ประเภท เลขเรียก/บาร์โค้ด สถานที่ สถานะ
1. งานวิจัย
งานวิจัย
วจ.LB1028.5 จ531ค  
  Barcode: 032837
ห้องสมุดวิทยาเขตสวรรค์ประชารักษ์
►วิจัย
บนชั้น
2. งานวิจัย
งานวิจัย
วจ.LB1028.5 จ531ค ฉ.2 
  Barcode: 001487
ห้องสมุดวิทยาเขตสวรรค์ประชารักษ์
►วิจัย
บนชั้น

BibComment


ยังไม่เคยถูกคอมเมนท์

คอมเมนท์ทรัพยากรรายการนี้
  คอมเมนท์: ความพึงพอใจต่อการ..


 Copyright 2026. Bcnsprnw @Library